| 000 | 00984nam a22001577a 4500 | ||
|---|---|---|---|
| 999 |
_c59576 _d59576 |
||
| 005 | 20230320104824.0 | ||
| 008 | 230320c2021 ge ||||| |||| 00| 0 geo d | ||
| 022 | _a15120481 | ||
| 041 | _ageo | ||
| 245 |
_aსაქართველოს უზენაესი სასამართლოს გადაწყვეტილებანი / _bსისხლის სამართლის საქმეებზე : [ყოველთვიური]. სისხლის სამართალი ზოგადი და კერძო ნაწილები. სისხლის სამართლის პროცესი კერძო ნაწილები. |
||
| 260 |
_aთბილისი, _c2020. |
||
| 300 | _av. | ||
| 653 | _aსაქართველოს უზენაესი სასამართლოს გადაწყვეტილებანი | ||
| 653 | _aპერიოდიკა | ||
| 942 |
_2udc _cCR |
||